000 02681cam a2200625 i 4500
999 _c11307
_d11307
001 22452354
003 GZU
005 20240521103601.0
008 220304s2023 caua b 001 0 eng d
010 _a 2022933962
015 _aGBC2G3291
_2bnb
016 7 _a020745212
_2Uk
020 _a9781529781328
_q(paperback)
020 _a1529781329
_q(paperback)
020 _a9781529781335
_q(hardcover)
020 _a1529781337
_q(hardcover)
022 _a.
035 _a(OCoLC)on1346497563
040 _aUKMGB
_beng
_erda
_cUKMGB
_dYDX
_dS2H
_dOCLCF
_dEUM
_dAS$
_dOG$
_dDLC
041 1 _aeng
_hger
042 _alccopycat
050 0 0 _aH62
_bFLI 2023
100 1 _aFlick, Uwe,
_d1956-
_eauthor.
_1https://isni.org/isni/000000012148484X
240 1 0 _aQualitatitve Forschung.
_lEnglish
245 1 3 _aAn introduction to qualitative research /
_cUwe Flick.
250 _aSeventh edition.
264 1 _aLos Angeles :
_bSAGE,
_c[2023]
300 _axxv, 606 pages :
_billustrations (black and white) ;
_c25 cm
336 _atext
_btxt
_2rdacontent
336 _astill image
_bsti
_2rdacontent
337 _aunmediated
_bn
_2rdamedia
338 _avolume
_bnc
_2rdacarrier
500 _aPrevious edition of this translation: 2018.
500 _aTranslated from the German.
504 _aIncludes bibliographical references (pages 556-585) and index.
505 _a.
520 _aThis book looks at both the theory behind qualitative research and how to put it into practice in your own work. For students across a range of social science disciplines and beyond, this book will help you enhance your research project.
650 0 _aQualitative research.
650 0 _aSocial sciences
_xResearch
_xMethodology.
650 0 _aPsychology
_xMethodology
_vHandbooks, manuals, etc.
650 0 _aSocial sciences
_xMethodology
_vHandbooks, manuals, etc.
650 0 _aQualitative research
_vHandbooks, manuals, etc.
650 0 _aQualitative research
_vCase studies.
650 0 _aQualitative research
_vProblems, exercises, etc.
650 7 _asocial sciences.
_2atg
_0http://lod.nal.usda.gov/nalt/136427
650 7 _aPsychology
_xMethodology.
_2fast
_0(OCoLC)fst01081483
650 7 _aQualitative research.
_2fast
_0(OCoLC)fst01084940
650 7 _aSocial sciences
_xMethodology.
_2fast
_0(OCoLC)fst01122933
650 7 _aSocial sciences
_xResearch
_xMethodology.
_2fast
_0(OCoLC)fst01122961
655 7 _aCase studies.
_2fast
_0(OCoLC)fst01423765
655 7 _aHandbooks and manuals.
_2fast
_0(OCoLC)fst01423877
655 7 _aProblems and exercises.
_2fast
_0(OCoLC)fst01423783
906 _a7
_bcbc
_ccopycat
_d2
_encip
_f20
_gy-gencatlg
942 _2lcc
_cBK
_eSeventh edition
_h62
_iFLI
_kH